Microsoft Office Access 2010 quicksteps / (Record no. 50000)

MARC details
000 -LEADER
fixed length control field 01049nam a22003377a 4500
005 - DATE AND TIME OF LATEST TRANSACTION
control field 20110121115736.0
008 - FIXED-LENGTH DATA ELEMENTS--GENERAL INFORMATION
fixed length control field 110121t xxu||||| |||| 00| 0 eng d
010 ## - LCCN (DPL NO)
LC control number ENG-101927
020 ## - INTERNATIONAL STANDARD BOOK NUMBER
International Standard Book Number 9780071068086
Terms of availability 395.00
020 ## - INTERNATIONAL STANDARD BOOK NUMBER
International Standard Book Number 0071068082
Terms of availability 395.00
035 ## - SYSTEM CONTROL NUMBER
System control number EN-85460
037 ## - SOURCE OF ACQUISITION
Source of stock number/acquisition DBAD/PUB
040 ## - CATALOGING SOURCE
Original cataloging agency dpl
Language of cataloging Eng
082 ## - DEWEY DECIMAL CLASSIFICATION NUMBER
Classification number 005.7565
100 ## - MAIN ENTRY--PERSONAL NAME
Personal name Cronan, John
9 (RLIN) 25452
245 ## - TITLE STATEMENT
Title Microsoft Office Access 2010 quicksteps /
Statement of responsibility, etc by John Cronan
260 ## - PUBLICATION, DISTRIBUTION, ETC. (IMPRINT)
Place of publication, distribution, etc New Delhi
Name of publisher, distributor, etc Tata McGraw Hill
Date of publication, distribution, etc 2010
270 ## - ADDRESS
Address 7 West Patel Nagar
City New Delhi
Postal code 2010
300 ## - PHYSICAL DESCRIPTION
Extent xviii, 253 p. :
Other physical details ill.
Dimensions 20cm (pbk)
490 ## - SERIES STATEMENT
Series statement QuickSteps
-- 25461
500 ## - GENERAL NOTE
General note Includes index
630 ## - SUBJECT ADDED ENTRY--UNIFORM TITLE
Uniform title Microsoft Access.
650 ## - SUBJECT ADDED ENTRY--TOPICAL TERM
9 (RLIN) 25454
650 ## - SUBJECT ADDED ENTRY--TOPICAL TERM
9 (RLIN) 25455
650 ## - SUBJECT ADDED ENTRY--TOPICAL TERM
9 (RLIN) 25456
650 ## - SUBJECT ADDED ENTRY--TOPICAL TERM
9 (RLIN) 25457
700 ## - ADDED ENTRY--PERSONAL NAME
9 (RLIN) 25458
700 ## - ADDED ENTRY--PERSONAL NAME
9 (RLIN) 25459
942 ## - ADDED ENTRY ELEMENTS (KOHA)
Source of classification or shelving scheme Dewey Decimal Classification
Item type English Books
Classification part 005.7565
Call number suffix CRO
Holdings
Withdrawn status Lost status Source of classification or shelving scheme Damaged status Not for loan Collection code Home library Current library Date acquired Source of acquisition Cost, normal purchase price Total Checkouts Full call number Barcode Date last seen Copy number Cost, replacement price Koha item type
    Dewey Decimal Classification   Not For Loan Non-fiction D.B.Act.Division D.B.Act.Division 21/01/2011 DBAD/PUB 395.00   005.7565 CRO EN-85460 21/01/2011 1 395.00 English Books

© Delhi Public Library
Hit Counter
free hit counter